| 000 | 00397nam a2200145Ia 4500 | ||
|---|---|---|---|
| 008 | 150201s2004 xx 000 0 und d | ||
| 082 |
_a617.69 _bS2004C |
||
| 100 | _aCHICHE,GERARD J. | ||
| 245 | _aSMILE DESIGN: A GUIDE FOR CLINICIAN | ||
| 250 | _a1ST | ||
| 260 |
_bQUINTESSENCE PUBLICATION _aCHICAGO _c2004 |
||
| 300 | _a1-109 | ||
| 650 | _aCONSERVATIVE DENTISTRY & ENDODONTICS | ||
| 942 |
_2ddc _cBK |
||
| 999 |
_c4416 _d4416 |
||